000
00234 a2200097 4500
001
32213
100
_a
Dym, Crive L
245
_a
Solid Mechanics: A Variational Approach
260
_a
Tokyo
_b
McGraw-Hill
_c
1973
090
_c
21646
_d
21646
942
_a
NUST-CAE
_c
M
_c
12943
999
_c
267286
_d
267286